| 000 | 00706nam a22002055i 4500 | ||
|---|---|---|---|
| 001 | 54477 | ||
| 003 | ES-MaACL | ||
| 007 | t| | ||
| 008 | 961023s1896 fr ||||1| fre d | ||
| 040 |
_aAR _bspa _cAR |
||
| 100 | 1 |
_aFouillée, Alfred, _d1838-1912 _951939 |
|
| 245 | 1 | 3 |
_aLe mouvement positiviste et la conception sociologique du monde / _cpar Alfred Fouillée. |
| 250 | _a2e éd. | ||
| 260 |
_aParis : _bFélix Alcan, _c1896 ( _eEvreux : _fimprimerie de Charles Hérissey) |
||
| 300 |
_a16, 379 p. ; _c23 cm. |
||
| 490 | 1 | _aBibliothèque de philosophie contemporaine | |
| 830 | 0 |
_aBibliothèque de philosophie contemporaine _9181027 |
|
| 852 |
_aES-MaACL _jB-6403 |
||
| 999 |
_c54477 _d54477 |
||